| 000 | 02188nam a2200325 i 4500 | ||
|---|---|---|---|
| 001 | 196284 | ||
| 003 | ES-MaACL | ||
| 005 | 20260216183929.0 | ||
| 008 | 240828b2024 sp ||||| |||| 00| 0 spa d | ||
| 017 |
_aCC 000151-2024 _bOficina Depósito Legal Cáceres |
||
| 020 | _a9788412829594 | ||
| 040 |
_bspa _cES-MaACL |
||
| 100 | 1 |
_aRamos Rubio, José Antonio, _d1963- _eaut _9174430 |
|
| 245 |
_aEl comendador de las letras : _bHistoria y vida de Tirso de Molina / _cJosé Antonio Ramos Rubio |
||
| 260 |
_aCáceres : _bTau Editores, _c2024 |
||
| 264 | _a©2024 | ||
| 300 |
_a192 páginas ; _c24 cm |
||
| 336 |
_2rdacontent _atexto |
||
| 337 |
_2rdamedia _asin mediación |
||
| 338 |
_2rdacarrier _avolumen |
||
| 520 | _aEncontrarás en este libro un ser que dedicó la vida, sus sueños, su fe y su alma a la literatura y al amor a Dios. Gabriel Téllez, conocido como “Tirso de Molina”, seudónimo del fraile mercedario, fue un teólogo profundo, predicador elocuente, sensato y prudente con virtudes admirables. Fue un genial dramaturgo que bastaría una sola obra para inmortalizar su nombre. El condenado por desconfiado, es una obra que le coloca entre los más insignes autores dramáticos por su profundidad argumental, sólo un teólogo admirable como Tirso de Molina, es capaz de resolver el tremendo conflicto entre la predestinación y el libre albedrío. Su merecida fama saltó las fronteras, aún incluso estando en vida, llegando a Londres aureolando el nombre del autor mercedario. Reconocido unánimemente como una de las más grandes figuras de la literatura española, Tirso de Molina comparte con Lope de Vega y Calderón de la Barca la primacía del teatro español de la época áurea. | ||
| 600 | 1 | 4 |
_9226522 _aMolina, Tirso de, _d1579-1648 |
| 852 |
_aES-MaACL _cDEPOJ _jN-10129 _hDonación: José Antonio Ramos Rubio _xEncuadernación rústica con solapas _9206262 |
||
| 903 |
_aRamos Rubio, José Antonio, _d1963- _ednr _9174430 |
||
| 942 |
_cMONOGRAFIA _n0 |
||
| 999 |
_c196284 _d196284 |
||